000 00413nam a2200181Ia 4500
001 19487
005 20260306172656.0
008 260306t2018||||xx |||||||||||||| ||spa||
041 _aESP
082 _a340
_bS92P
100 _aCaro John, José Antonio
_eAUT
245 0 _aSumma penal
260 _c2018
300 _a1689 páginas :
_c25 cm.
650 _aGEN
654 _aCDE
942 _cLIB
_dJUS
_fJUS
_2ddc
_n
999 _c19487
_d19487